Zivilstandsstatistik 1985

Guardado en:
Detalles Bibliográficos
Formato: Libro
Lenguaje:alemán
Publicado: Vaduz Amt für Volkswirtschaft 1985
Etiquetas: Agregar Etiqueta
Sin Etiquetas, Sea el primero en etiquetar este registro!

MARC

LEADER 00000nam a2200000 4500
001 c103357
005 20041019155129.1
041 0 |a ger 
044 |a LI 
245 1 0 |a Zivilstandsstatistik 1985 
264 1 |a Vaduz  |b Amt für Volkswirtschaft  |c 1985 
300 |a 58 s.